000 00710cab a2200193 4500
001 ABS38060
008 090401t1997 xxu||||| |||| 00| 0 eng d
035 _a(Sirsi) u8460
041 _aeng
245 _aBalers and bale handling update
260 _c1997
350 _a0
490 _aPower Farming
_v66(5) May 1997, U1-U24(24)
520 _aPullout supplement covering current developments in handling systems, bale handlers for different types of bale to simplify moving bales of all types in the field or in storage, new types of round baler design and a buyers guide. Numerous illustrations and tables.
650 _aFARM MACHINERY
690 _aRURAL PRACTICE
942 _n0
948 _c04/03/1997
999 _c5213
_d5213